000 00620nam a2200229Ia 4500
003 OSt
005 20220928112213.0
006 a|||||r|||| 00| 0
007 ta
008 220927b |||||||| |||| 00| 0 eng d
024 _a47482
037 _cTextual
040 _aSDCL
_cSDCL
_beng
041 _2eng
_aeng
082 _aV3:1943'M, L5
100 _aTarling Nicholas
_9426813
245 0 _aImperial Britain in South-East Asia
260 _aLondon
_bOxford University Press
_c1975
300 _aix,273p
_ccm.
942 _hV3:1943'M, L5
_cTEXL
_2CC
999 _c743730
_d743730